00000000nas 2200000zi 4500
0019.945464
003CaOODSP
00520241127162958
006m     o  d f      
007cr cn ||||||||
008241122c20239999oncar p o    f0### 0eng|d
040 |aCaOODSP|beng|erda|cCaOODSP
043 |an-cn---
0861 |aPS81-31E-PDF
1102 |aCorrectional Service Canada.|eauthor, |eissuing body.
24510|a... progress report on the Correctional Service of Canada's ... accessibility plan.
264 1|aOttawa, ON : |bCorrectional Service Canada = Service correctionnel Canada, |c[2023]-
310 |aAnnual
336 |atext|btxt|2rdacontent
337 |acomputer|bc|2rdamedia
338 |aonline resource|bcr|2rdacarrier
3621 |aBegan with: 2022/2023.
500 |aIssued also in French under title: Rapport d'étape ... sur le plan d'accessibilité ... du Service correctionnel du Canada.
588 |aDescription based on: 2022/2023; title from PDF cover page.
588 |aLatest issue consulted: 2022/2023.
61020|aCorrectional Service Canada|vPeriodicals.
650 0|aBarrier-free design|zCanada|xPlanning|vPeriodicals.
650 0|aPeople with disabilities|xGovernment policy|zCanada|vPeriodicals.
655 7|aPeriodicals|2lcgft
77508|tRapport d'étape ... sur le plan d'accessibilité ... du Service correctionnel du Canada.|w(CaOODSP)9.945463